[Event "Le Mans op"]
[Site "Le Mans "]
[Date "2001.12.27"]
[Round "2"]
[White "Kessler, Martin"]
[Black "Sevin, Steve"]
[Result "1-0"]
[WhiteElo "2061"]
[BlackElo "1420"]
[PlyCount "35"]
[EventDate "2001.12.26"]
[EventType "swiss"]
[EventRounds "9"]
[EventCountry "FRA"]
[SourceTitle "EXT 2008"]
[Source "ChessBase"]
[SourceDate "2007.11.25"]
[SourceVersion "1"]
[SourceVersionDate "2007.11.25"]
[SourceQuality "1"]

1. e4 e6 2. d4 d5 3. Nd2 c5 4. c3 Nc6 5. Ngf3 Qb6 6. dxc5 Bxc5 7. Qe2 d4 8. Nc4 Qd8 9. b4 Bb6 10. Bf4 dxc3 11. Rd1 Bd7 12. Nd6+ Kf8 13. Nxb7 Qc8 14. Nd6 Qd8 15. b5 Nce7 16. Ne5 Ba5 17. Qc2 Qb6 18. Ndxf7 1-0